Avaluació dels tallers d'ocupació portats a terme a la Serralada de Marina, adreçats a població drogodependent en procés de reinserció / Jordi Estivill i Pasqual
Descripción Física:
93 p. ; 30 cm
MARC
| LEADER | 00000nam a2200000Ia 4500 | ||
|---|---|---|---|
| 001 | 20739 | ||
| 008 | 160829s2008 xx 000 0 cat d | ||
| 080 | |a S-1-259 | ||
| 100 | |a Estivill i Pasqual, Jordi |9 46111 | ||
| 245 | |a Avaluació dels tallers d'ocupació portats a terme a la Serralada de Marina, adreçats a població drogodependent en procés de reinserció / Jordi Estivill i Pasqual | ||
| 250 | |a 2a ed. | ||
| 260 | |a Barcelona : |b Diputació de Barcelona. Àrea de Benestar Social, |c 2008 | ||
| 300 | |a 93 p. ; |c 30 cm | ||
| 590 | |a Bibliografia | ||
| 650 | |a Insersió social |x Avaluació |9 46112 | ||
| 650 | |a Drogoaddictes |x Integració |x Avaluació |9 46113 | ||
| 710 | 1 | |a Barcelona (Catalunya : Província). |b Àrea de Benestar Social |9 52988 | |
| 901 | |a Arxiu | ||
| 942 | |n 1 | ||
| 952 | |0 0 |1 0 |4 0 |6 S1259 |7 1 |9 52997 |a Arxiu |b Arxiu |d 2016-12-01 |l 0 |o S-1-259 |p 20739 |r 2016-12-01 00:00:00 |w 2016-12-01 |y ARXIU | ||
| 999 | |c 56846 |d 56846 | ||